LIBRARY & INFORMATION CENTRE, KCAET, TAVANUR

ONLINE PUBLIC ACCESS CATALOGUE (OPAC)

Farm management economics / (Record no. 9305)

MARC details
000 -LEADER
fixed length control field 00464cam a2200181ua 4500
041 ## - LANGUAGE CODE
Language code of text/sound track or separate title eng
082 ## - DEWEY DECIMAL CLASSIFICATION NUMBER
Classification number 630.209
Item number HEA/FA
100 ## - MAIN ENTRY--AUTHOR NAME
Personal name Heady, Earl O .
245 ## - TITLE STATEMENT
Title Farm management economics /
260 ## - PUBLICATION, DISTRIBUTION, ETC. (IMPRINT)
Place of publication New Delhi :
Name of publisher Prentice Hall of India Pvt Ltd. ,
Year of publication 1964.
300 ## - PHYSICAL DESCRIPTION
Number of Pages 645 ; .
700 1# - ADDED ENTRY--PERSONAL NAME
Personal name Jeasen, Herald R.
942 ## - ADDED ENTRY ELEMENTS (KOHA)
Koha item type Books
Holdings
Withdrawn status Lost status Damaged status Home library Current library Date acquired Full call number Accession Number Koha item type
      KAUAET KAUAET 07/04/2012 630.209 8172 Books
free website counter